Bridge on the river Kwai (Record no. 79375)

MARC details
000 -LEADER
fixed length control field 00799nam a2200205Ia 4500
003 - CONTROL NUMBER IDENTIFIER
control field OSt
005 - DATE AND TIME OF LATEST TRANSACTION
control field 20260105102528.0
008 - FIXED-LENGTH DATA ELEMENTS--GENERAL INFORMATION
fixed length control field 210210b1970 xxu||||| |||| 00| 0 eng d
040 ## - CATALOGING SOURCE
Transcribing agency AL
041 ## - LANGUAGE CODE
Language code of text/sound track or separate title eng
082 ## - DEWEY DECIMAL CLASSIFICATION NUMBER
Classification number 823.914 BOUB
100 ## - MAIN ENTRY--PERSONAL NAME
Personal name Pierre Boulle
9 (RLIN) 250080
245 ## - TITLE STATEMENT
Title Bridge on the river Kwai
260 ## - PUBLICATION, DISTRIBUTION, ETC.
Place of publication, distribution, etc. Hong Kong
Name of publisher, distributor, etc. -
Date of publication, distribution, etc. 1970
300 ## - PHYSICAL DESCRIPTION
Extent iv,108p
520 ## - SUMMARY, ETC.
Summary, etc. Published in 1952, The Bridge over the River Kwai (French: Le Pont de la rivière Kwaï) is a celebrated war novel by Pierre Boulle. Based loosely on the construction of the "Death Railway" during World War II, it explores themes of pride, duty, and the absurdity of war through the eyes of British prisoners and their Japanese captors.
690 ## - LOCAL SUBJECT ADDED ENTRY--TOPICAL TERM (OCLC, RLIN)
Topical term or geographic name as entry element English Fiction
9 (RLIN) 250081
906 ## - LOCAL DATA ELEMENT F, LDF (RLIN)
a 028115
942 ## - ADDED ENTRY ELEMENTS (KOHA)
Source of classification or shelving scheme Dewey Decimal Classification
Koha item type Book
Holdings
Withdrawn status Lost status Source of classification or shelving scheme Damaged status Not for loan Collection code Home library Current library Date acquired Cost, normal purchase price Total Checkouts Full call number Barcode Date last seen Price effective from Koha item type
    Dewey Decimal Classification     English St Aloysius Library St Aloysius Library 02/17/2021 0.00   823.914 BOUB 028115 02/17/2021 02/17/2021 Book